| 000 | 00541nam a22001817a 4500 | ||
|---|---|---|---|
| 008 | 150609b xxu||||| |||| 00| 0 eng d | ||
| 041 | 0 | _aeng | |
| 080 | _a355.49 | ||
| 245 | 0 | 0 |
_aThe rivermen / _cby the editors of Time-Life Books ; with text by Paul O'Neil. |
| 260 |
_aNew York : _bTime-Life Books, _cc1975. |
||
| 300 |
_a240 f. : _bme il. ; _c28 cm. |
||
| 490 | _aThe Old west | ||
| 505 | _aIndex : f. 238-240 | ||
| 650 | 0 |
_aRiver boats _xHistory. _zUnited States |
|
| 650 | 0 | _aVarkat e lumit | |
| 700 | 1 | _aO'Neil, Paul, | |
| 942 |
_2udc _cBK |
||
| 999 |
_c1011 _d1011 |
||